000 00248nam a22001097a 4500
041 _aENG
245 _aMethods Of Test For Manually - Operated Sprayers
260 _aNew Delhi
_bBIs
_c994
300 _a09
650 _aBIS Code
856 _uBIS Code
999 _c2068
_d2068